Diseño de estructura de pavimento articulado por el método de AASHTO 93 y presupuesto de 900 metros lineales de calles en la ciudadela Solingalpa, municipio de Matagalpa
Para el diseño del pavimento se tomó en cuenta el método AASHTO 93 y las Normas Centroamericanas para el Diseño de Carreteras Regionales (SIECA 2002 y 2004) para la determinación de los valores de Confiabilidad, serviciabilidad, desviación estándar. Cabe señalar que se deben cumplir requeri...
| Main Authors: | , , |
|---|---|
| Other Authors: | |
| Format: | Tesis Section = Libro |
| Language: | Undetermined Spanish |
| Published: |
Managua
UNI/RUACS
2020
|
| Subjects: |
| LEADER | 01765nam a2200301Ia 4500 | ||
|---|---|---|---|
| 008 | 240830s9999 xx 000 0 und d | ||
| 040 | |a BIBLIOTECA-RUPAP Mon 625.85 C352 | ||
| 041 | |a spa | ||
| 082 | |a Mon 625.85 C352 | ||
| 100 | 1 | |a Mon 625.85 C352 | |
| 100 | 1 | |b Soza López, Angie Jassohara | |
| 100 | 1 | |c Moreno Alvarado, Darwin Elieth | |
| 245 | 1 | 0 | |a Diseño de estructura de pavimento articulado por el método de AASHTO 93 y presupuesto de 900 metros lineales de calles en la ciudadela Solingalpa, municipio de Matagalpa |
| 260 | |a Managua |b UNI/RUACS |c 2020 | ||
| 300 | |a 73, XIX p. :i.. | ||
| 500 | |a Contiene: anexos y CD. | ||
| 502 | |a Tesis (Ingeniero Civil)- UNI, 2020. | ||
| 520 | 3 | |a Para el diseño del pavimento se tomó en cuenta el método AASHTO 93 y las Normas Centroamericanas para el Diseño de Carreteras Regionales (SIECA 2002 y 2004) para la determinación de los valores de Confiabilidad, serviciabilidad, desviación estándar. Cabe señalar que se deben cumplir requerimientos granulométricos, índices de plasticidad de los suelos a utilizar para uso de la base y subbase, los cuales estarán regidos por las Especificaciones Generales para la Construcción de Caminos, Calles y Puentes (NIC 2000). Por último, pero no menos importante se tomó en cuenta el catálogo de etapas y subetapas constructivas para obras horizontales del FISE (Fondo de Inversión Social de Emergencia) | |
| 650 | 7 | |a PAVIMENTOS | |
| 650 | 7 | |b PAVIMENTOS DE ASFALTO | |
| 650 | 7 | |c PAVIMENTOS-DISEÑO Y CONSTRUCCION | |
| 650 | 7 | |d CALLES-MANTENIMIENTO Y REPARACION | |
| 650 | 7 | |e PRESUPUESTO –PROYECTOS | |
| 650 | 7 | |f ESTUDIO DE SUELOS | |
| 700 | 1 | |a Tutor: |b Sierra Mercado, Jimmy | |
| 942 | |c BK |2 ddc | ||
| 991 | |a TESIS | ||
| 999 | |c 16067 | ||